| 000 | 00701nam a2200241Ia 4500 | ||
|---|---|---|---|
| 008 | 220204s9999 xx 000 0 und d | ||
| 082 |
_a581.132 _bCLA |
||
| 100 | _aCLAYTON, Roderick K | ||
| 245 | 0 | _aPhotosynthesis: Physical mechanisms and chemical patterns | |
| 260 |
_aCambridge _bCambridge University Press _c1980 |
||
| 490 | _aIUPAB biophysics series. 4 | ||
| 650 | _aATP | ||
| 650 | _aChlorophyll spectroscopy | ||
| 650 | _aCO2 assimilation | ||
| 650 | _aDigression | ||
| 650 | _aOxygen evolution | ||
| 650 | _aPhotobiology | ||
| 650 | _aPhotosynthesis | ||
| 650 | _aPhotosynthetic oxygen evolution | ||
| 650 | _aPigment | ||
| 650 | _aSecondary electron transport | ||
| 942 | _cBK | ||
| 999 |
_c36985 _d36985 |
||